• 首页
  • 本馆介绍
  • 公告通知
  • 最新文献
  • 馆藏检索
  • 电子资源
  • 读者荐购
  • 参考咨询
  • CALIS
  • 我的图书馆
  • 登录
  • 详细信息显示
  • 放入我的书架
  • 预约/预借图书
  • 作者相关作品
  • 分类相关作品
  • 丛书相关作品
  • 出版社相关作品

书目信息

  • 表格格式
  • 工作单格式
  • 卡片格式
题名:
税法
    
 
作者: 严振生 主编
分册:  
出版信息: 北京   中国政法大学出版社  1999.01
页数: 327页
开本: 32开
丛书名:
单 册:
中图分类: D922.22
科图分类:
主题词: 法律--中国
电子资源:
ISBN: 7-5620-1525-2
 
 
 
 
 
000 00531nam0 2200193 45
001 0010241695
005 20001024161707.4
010    @a7-5620-1525-2@d11.50元
100    @a20001024d1999 km y0chiy0120 ea
101 0  @achi
105    @a z 000yy
200 1  @a税法@AShui Fa@f严振生主编@FYan Zhen Sheng Zhu Bian
210    @a北京@c中国政法大学出版社@d1999.01
215    @a327页@d32开
606 0  @a法律@x中国
690    @aD922.22@v3
701  0 @a严振生@4主编
801    @aCN@bPftUser@c20001024
905    @b186392-396@dD922.22@eY801@f5
    
    税法/严振生主编.-北京:中国政法大学出版社,1999.01
    327页;32开
    
    
    ISBN 7-5620-1525-2:11.50元
    
●
相关链接 在E读中查询图书 在当当中查询图书 在豆瓣中查询图书


正题名:税法     索取号:D922.22/Y801         预约/预借

序号 登录号 条形码 馆藏地/架位号 状态 备注
1 186392   201863929   社科库509/509社科库 86排7列1层/ [索取号:D922.22/Y801] 在馆    
2 186393   201863938   社科库509/422社科库 40排4列1层/ [索取号:D922.22/Y801] 在馆    
3 186394   201863947   社科库509/509社科库 86排7列1层/ [索取号:D922.22/Y801] 在馆    
4 186395   201863956   社科库509/422社科库 40排4列1层/ [索取号:D922.22/Y801] 在馆    
5 186396   201863965   社科库509/509社科库 86排7列1层/ [索取号:D922.22/Y801] 在馆    
河南城建学院图书馆 欢迎您!
大连网信软件有限公司© 版权所有